| 000 | 00877nam a22002297i 4500 | ||
|---|---|---|---|
| 999 |
_c23123 _d23123 |
||
| 003 | AR-CdUCM | ||
| 008 | 241111b20222022 pe||||| |||| 00| 0 spa d | ||
| 040 |
_aMUNICIPALIDAD PROVINCIAL DEL CUSCO _cBIBLIOTECA MUNICIPAL DEL CUSCO |
||
| 041 | _hspa | ||
| 082 |
_a929.209856 / T12 _bT12 |
||
| 100 |
_aTacuri Tinta, Máximo Elías _948879 |
||
| 245 |
_aApellido Tacuri : _bOrigen: "Atoq Takuri" / |
||
| 260 |
_aCusco : _bEditora Aquarela S.A.C _c2022 |
||
| 300 |
_a238 páginas. : _c21 cm. |
||
| 500 | _zBibliografía : página 238 | ||
| 505 | _aSobre la investigación de la biografía de Atoq -- Sobre la correcta escritura y pronunciación del quechua -- Sobre el valle del Watanay -- Cronología Histórica de los inkas | ||
| 650 |
_aHistoria _950807 |
||
| 650 |
_aInkas _91899 |
||
| 650 |
_aInvestigación _91940 |
||
| 942 |
_2ddc _cLIBROS |
||
| 945 |
_apbj _d11-11-2024 |
||